000240331 001__ 240331
000240331 005__ 20210922173116.0
000240331 0247_ $$2BMBF$$aG:(BMBF)031B0058A$$d031B0058A
000240331 0247_ $$2Dimensions$$aG:(Dimensions)grant.7993905$$dgrant.7993905
000240331 035__ $$aG:(BMBF)031B0058A
000240331 150__ $$aBioökonomie International 2014: VIETWOOD - 'Bioökonomie einer gefährdeten vietnamesischen Forstressource' - Entwicklung biotechnologischer Produktionsalternativen zur nachhaltigen, grünen und biobasierten Produktion von Vietnamesischen Agarwood und dessen$$y2016-01-01 - 2019-07-31
000240331 5101_ $$0I:(DE-588b)5309538-8 $$aFederal Ministry of Education and Research$$bBMBF
000240331 909CO $$ooai:juser.fz-juelich.de:896186$$pauthority$$pauthority:GRANT
000240331 909CO $$ooai:juser.fz-juelich.de:896186
000240331 980__ $$aG
000240331 980__ $$aAUTHORITY